Poesia, teatro, drammaturgia /

-д хадгалсан:
Номзүйн дэлгэрэнгүй
Бусад зохиолчид: Nanni, Luciano, (1939- ) (Танилцуулгын зохиогч гэх мэт.), Martini, Giacomo (Засварлагч)
Формат: Ном
Хэл сонгох:итали
Хэвлэсэн: Porretta : [s. n.], 1993
Шошгууд: Шошго нэмэх
Шошго байхгүй, Энэхүү баримтыг шошголох эхний хүн болох!

MARC

LEADER 00000nam a22000007ib4500
001 IT\ICCU\UBO\1061782
003 ItRI
005 20260115232406.0
008 000704s1993 it |||||| ||||| |||||c
040 |b ita  |c importazione bologna sebina 
041 7 |a ita  |2 ISO-639-2 
245 0 0 |a Poesia, teatro, drammaturgia /  |c a cura di Giacomo Martini ; introduzione di Luciano Nanni. 
260 |a Porretta :  |b [s. n.],  |c 1993 
300 |a 150 p. ;  |c 24 cm 
500 |a Contiene contributi di Arabal, Adriatico, Cardillo, De Berardinis, Del Serra, Engelbrecht, Frabotta, Frattaroli, Giudici, Gozzi, Grande, Gualtieri, Liotta, Luzi, Magrelli, Mussapi, Picchi, Pieri, Porta, Rafanelli, Randazzo, Sanguineti, Scabia, Scalise, Tacca. 
500 |a 12/13 giugno 1993  |9 IT\ICCU\RAV\0144115 
700 1 |a Nanni, Luciano,  |d  (1939- )  |0 IT\ICCU\CFIV\043719  |4 aui 
700 1 |a Martini, Giacomo  |0 IT\ICCU\TO0V\327974  |4 edt 
773 1 |w IT\ICCU\RAV\0144115  |t I quaderni del Battello ebbro  |g 12-13 
790 1 |a Menetti, Nanni  |3 IT\ICCU\SBNV\005472  |z Nanni, Luciano (1939- ) 
790 1 |a Martini, Giacomo  |c  (esperto di cinema)  |3 IT\ICCU\MILV\233313  |z Martini, Giacomo 
942 |2 ddc  |c BK  |n 0 
952 |0 0  |1 0  |4 0  |6 DOC_808_100000000000000_MAR  |7 0  |9 25297  |a BO  |b BO  |d 2026-01-15  |i 7772  |l 0  |o DOC 808.1 MAR  |p BO7772  |r 2026-01-15 23:24:06  |w 2026-01-15  |x [Sebina 5] [1 v.]  |y BK  |z 1 v. 
999 |c 21491  |d 21491